| 000 | 00834nam a2200241 a 4500 | ||
|---|---|---|---|
| 001 | 000034252 | ||
| 005 | 20200930070915.0 | ||
| 008 | 110929s2000 ag 000 0 spa d | ||
| 020 | _a9501505707 | ||
| 040 |
_aDO-SdBNP _bspa _cBNPHU |
||
| 082 |
_a813.54 _bB118aj |
||
| 100 | 1 |
_aBach, Ríchard, _d1936- _93225 |
|
| 240 | 1 | 0 | _aStranger to the ground |
| 245 | 1 | 0 |
_aAjeno a la tierra / _cJavier Vergara Editor ; traducción de Andrés Vergara ; introducción Gill Robb Wilson. |
| 260 |
_aBarcelona : _bEdiciones B _bJavier Vergara editor, _c2000. |
||
| 300 |
_a239 p. ; _c22 cm. |
||
| 590 | _aInventariado, 2019/ YL | ||
| 650 | 4 |
_aNovela estadounidense _9262 |
|
| 650 | 4 |
_aLiteratura estadounidense _9263 |
|
| 700 | 1 | 2 |
_aRobb Wilson, Gill _eintr. _943831 |
| 700 | 1 |
_aVergara, Andrés, _etr. _952245 |
|
| 700 | 1 |
_aCané, Raquel _etr. _959670 |
|
| 999 |
_c33743 _d33743 |
||